| 000 | 00481nam a2200169Ia 4500 | ||
|---|---|---|---|
| 005 | 20250508160227.0 | ||
| 008 | 008 250505s9999 xx 000 0 eng d | ||
| 037 | _aTextual | ||
| 040 |
_aFEDL _beng _cFEDL |
||
| 041 |
_aeng _2eng |
||
| 084 |
_a016.0014, AFR _qFEDL |
||
| 245 | 0 | _aRegister of current research in the humanities in South Africa 1962 | |
| 300 | _a114p. | ||
| 650 | _aBibliographies | ||
| 942 |
_cTEXL _h016.0014, AFR |
||
| 999 |
_c1362825 _d1362825 |
||